Introduction to statistics and data analysis : (Record no. 71557)
[ view plain ]
| 000 -LEADER | |
|---|---|
| fixed length control field | 01273cam a2200337 a 4500 |
| 001 - CONTROL NUMBER | |
| control field | 16311710 |
| 003 - CONTROL NUMBER IDENTIFIER | |
| control field | NUST - PNEC |
| 005 - DATE AND TIME OF LATEST TRANSACTION | |
| control field | 20170116181204.0 |
| 008 - FIXED-LENGTH DATA ELEMENTS--GENERAL INFORMATION | |
| fixed length control field | 100701s2012 maua 001 0 eng |
| 010 ## - LIBRARY OF CONGRESS CONTROL NUMBER | |
| LC control number | 2010931694 |
| 020 ## - INTERNATIONAL STANDARD BOOK NUMBER | |
| International Standard Book Number | 9780840054906 (student edition) |
| 020 ## - INTERNATIONAL STANDARD BOOK NUMBER | |
| International Standard Book Number | 0840054904 (student edition) |
| 040 ## - CATALOGING SOURCE | |
| Original cataloging agency | DLC |
| Transcribing agency | DLC |
| 042 ## - AUTHENTICATION CODE | |
| Authentication code | pcc |
| 050 00 - LIBRARY OF CONGRESS CALL NUMBER | |
| Classification number | QA276.12 |
| Item number | .P4335 2012 |
| 082 ## - DEWEY DECIMAL CLASSIFICATION NUMBER | |
| Classification number | 519.5 PEC |
| 100 1# - MAIN ENTRY--PERSONAL NAME | |
| Personal name | Peck, Roxy. |
| 245 10 - TITLE STATEMENT | |
| Title | Introduction to statistics and data analysis : |
| Remainder of title | infancy through adulthood / |
| Statement of responsibility, etc. | Roxy Peck, Chris Olsen, Jay L. Devore. |
| 246 14 - VARYING FORM OF TITLE | |
| Title proper/short title | Introduction to statistics & data analysis |
| 250 ## - EDITION STATEMENT | |
| Edition statement | 4th ed. |
| 260 ## - PUBLICATION, DISTRIBUTION, ETC. | |
| Place of publication, distribution, etc. | Boston, MA : |
| Name of publisher, distributor, etc. | Brooks/Cole, CENGAGE Learning, |
| Date of publication, distribution, etc. | 2012. |
| 300 ## - PHYSICAL DESCRIPTION | |
| Extent | xxvii, 912 p. : |
| Other physical details | col. ill. ; |
| Dimensions | 29 cm. |
| 500 ## - GENERAL NOTE | |
| General note | Includes index. |
| 650 ## - SUBJECT ADDED ENTRY--TOPICAL TERM | |
| 9 (RLIN) | 16563 |
| Topical term or geographic name entry element | Statistics |
| General subdivision | MIS, MSCOM, MSCONT |
| 700 1# - ADDED ENTRY--PERSONAL NAME | |
| Personal name | Olsen, Chris, |
| Dates associated with a name | 1948- |
| 700 1# - ADDED ENTRY--PERSONAL NAME | |
| Personal name | Devore, Jay L. |
| 856 ## - ELECTRONIC LOCATION AND ACCESS | |
| Uniform Resource Identifier | <a href="http://www.amazon.in/Introduction-Statistics-Analysis-Available-Titles/dp/0840054904/ref=sr_1_2?s=books&ie=UTF8&qid=1456115128&sr=1-2&keywords=9780840054906">http://www.amazon.in/Introduction-Statistics-Analysis-Available-Titles/dp/0840054904/ref=sr_1_2?s=books&ie=UTF8&qid=1456115128&sr=1-2&keywords=9780840054906</a> |
| 906 ## - LOCAL DATA ELEMENT F, LDF (RLIN) | |
| a | 7 |
| b | cbc |
| c | orignew |
| d | 2 |
| e | epcn |
| f | 20 |
| g | y-gencatlg |
| 942 ## - ADDED ENTRY ELEMENTS (KOHA) | |
| Source of classification or shelving scheme | |
| Koha item type | Book |
| Withdrawn status | Lost status | Source of classification or shelving scheme | Materials specified (bound volume or other part) | Damaged status | Not for loan | Permanent Location | Current Location | Shelving location | Date acquired | Source of acquisition | Cost, normal purchase price | Total Checkouts | Full call number | Barcode | Date last seen | Cost, replacement price | Price effective from | Koha item type |
|---|---|---|---|---|---|---|---|---|---|---|---|---|---|---|---|---|---|---|
| hardbound | Pakistan Navy Engineering College (PNEC) | Pakistan Navy Engineering College (PNEC) | Reference | 12/03/2015 | Progressive International Agencies / Ref Grant | 10799.25 | 519.5 PEC | PNECLIB-032624 | 02/22/2016 | 10799.25 | 12/03/2015 | Book |
